00980cam a22002531 4500001001300000003000400013005001700017008004100034010001700075035002000092040004800112042001200160050002400172100004400196245004600240260004800286300003500334410006100369500012000430500011100550650002500661650002300686999001700709l 41000120 DLC20260227111537.0921026s1941 dcua f000 0 eng c al 41000120  a(OCoLC)26861142 aU.S. Dept. of Labor. LibrarycCLUdCLUdDLC apremarc00aHD6093b.A355 no. 31 aMettert, Margaret Jane Thompson,d1907-00aSafety clothing for women in industry ... aWashington,bU.S. Govt. Print. Off.,c1941. aiii, [1] 11 p.billus.c23 cm.10aUnited States.bWomen's Bureau.tSpecial bulletinvno. 3 aAt head of title United States Dept. of Labor, Frances Perkins, secretary. Women's Bureau, Mary Anderson, director. a"The research and the writing of this report are the work of Margaret T. Mettert."--Letter of transmittal. 0aProtective clothing. 0aWomenxEmployment. c36372d36372